000 005100000a22001930004500
003 LK-CoMWRAF
005 20240113000709.0
008 230817t1990 ||||| |||| 00| 0 eng d
040 _aLK-CoMWRAF
_dLK-CoMWRAF
_eLK-CoMWRAF
041 _atam
082 _a894.8113
_bKRI
100 _aகிருஷ்ணன், ராஜம்
_vKrishnan, Rajam
245 _aஅழுக்கு
246 _aAzukku
260 _aChennai:
_bThagam,
_c1990
300 _a176 p.
650 _aTAMIL FICTION
942 _cBK
999 _c2713
_d2713